00451nam a22001577a 450000500170000001000150001702000260003203500140005803700090007208200140008124500400009526000450013527000240018030000200020450000690022420251208130019.0 aENG-147286 a9789352102808c370.00 aEN-130818 bDBAD a181.4521 aThe Mother New Words of the Mother/ bSri Aurobindo AshramaPondicherry c2024 bPondicherrye605002 a532p.c22cm(pb) aSupplement to Volumes 12-15 of the Collected Works of the Mother